| 000 | 00462 a2200157 4500 | ||
|---|---|---|---|
| 020 | _a1587051893 | ||
| 040 |
_aDLC _bDLC |
||
| 082 | 0 | 4 | _a005.8 |
| 100 | 1 | _aHoda, Mynul. | |
| 245 | 1 | 0 |
_aCisco network security troubleshooting handbook _cMynul Hoda |
| 260 |
_aIndianapolis, Ind. : _bCisco Press, _cc2006. |
||
| 300 |
_axxxvii, 1108 p. : _bill. ; _c24 cm. |
||
| 500 | _aIncludes index. | ||
| 650 | 0 |
_aComputer networks _xSecurity measures |
|
| 942 |
_cBK _k005.8 HOD _2ddc |
||
| 999 |
_c6636 _d6636 |
||